| 000 | 00815nam a2200277 i 4500 | ||
|---|---|---|---|
| 001 | 5585 | ||
| 003 | ES-MaACL | ||
| 005 | 20250815112558.0 | ||
| 007 | t| | ||
| 008 | 881209s1985 sp ||||1| spa d | ||
| 020 | _a84-205-1125-0 | ||
| 080 | _a577.1:574 | ||
| 080 | _a574:577.1 | ||
| 100 | 1 |
_aHarborne, J. B. _961802 |
|
| 245 | 1 | 0 |
_aIntroducción a la bioquímica ecológica / _cJ.B. Harborne ; versión española de Jesús Méndez. |
| 250 | _a1a ed. | ||
| 260 |
_aMadrid : _bAlhambra, _c1985. |
||
| 300 |
_aXIII, 355 p. ; _c20 cm. |
||
| 490 | 1 |
_aExedra ; _v145 |
|
| 500 | _aBibliografia. Indice. | ||
| 650 | 1 | 7 |
_aBioquímica _2embne _9136796 |
| 700 | 1 |
_aMéndez, Jesús. _980120 |
|
| 830 | 0 |
_aExedra ; _v145 _9177436 |
|
| 852 |
_aES-MaACL _jL-12357 _bR.111693 _z. - Rust. |
||
| 999 |
_c5585 _d5585 |
||